1644 1460 1868 1750 1784 1206 1643 1399 1420 1588 1551 1097 1598 1218 1377 1042 1414 1310 1283 1928 1064 1625 1845 1896 1963 1820 1631 1749 1935 1094 1806 1333 1638 1502 1704 1988 1563 1476 1636 1672 1855 1112 1408 1714 1830 1655 1945 1855 1632 1505 1785 1104 1105 1755 1952 1340 1918 1291 1314 1669 1814 1779 1312 1342 1989 1280 1339 1121 1964 1185 1303 1721 1979 1547 1018 1437 1540 1591 1849 1797 1779 1612 1461 1562 1610 1339 1273 1134 1072 1546 1898 1923 1198 1290 1446 1885 1164 1342 1229 BCNSPRNW ULIB Ver.6.0+V

เปลี่ยนเป็นภาษาไทย

Change to English
 แสดงรายละเอียดบรรณานุกรม
  กลับหน้าหลัก

Brief Record : Get Marc (ISO 2709) : E-mail record : QR code < ปิดหน้าต่าง
LEADER : 00000nam 2200000uu 4500
001    13399127092
003     ULIB
008    191010s2560||||th 000 0 tha d
020    ^a9786162321627
060    ^aWS103^bฌ-ด
100    ^aเฌอ
245    ^aบ้านสวนริมคลอง นิทานคำสอนของพ่อ (หลวง) ชุดที่ ่ 1 เล่ม 4 (สองภาษา ไทย-อังกฤษ)
250    ^aพิมพ์ครั้งที่ 1
260    ^aกรุงเทพฯ :^bบริษัท บีเวล พับลิชชิ่ง จำกัด,^c2560
300    ^a12 หน้า;^b19 ซม.
650    ^aเด็ก^xการเรียนการสอน
945    ^p35^l0^i006280
999    ^aประนอม เกษจรัล
รายการนี้ยังไม่มีแท็ก
คุณยังไม่ได้ล็อกอิน คุณสามารถมีกิจกรรมร่วมกับเว็บไซต์ได้ แต่ต้องล็อกอินก่อน ::
  ล็อกอิน

รายการสื่อสารสนเทศ

ลำดับที่ ประเภท เลขเรียก/บาร์โค้ด สถานที่ สถานะ
1. วิทยาศาสตร์การแพทย์ และสุขภาพ
วิทยาศาสตร์การแพทย์ และสุขภาพ
WS103 ฌ-ด ฉ.1 
  Barcode: 006280
ห้องสมุดวิทยาเขตสวรรค์ประชารักษ์
►หนังสือทั่วไป
บนชั้น

รายการใกล้เคียง
    ผู้แต่ง [เฌอ]

BibComment


ยังไม่เคยถูกคอมเมนท์

คอมเมนท์ทรัพยากรรายการนี้
  คอมเมนท์: บ้านสวนริมคลอง น..


 Copyright 2026. Bcnsprnw @Library